NBA sixième homme - mort subite - Statistiques

Statistiques générales
  • Ce quiz a été pris 136 fois
  • Le résultat moyen est 2 sur 6
Answers on the Grid
Answers color-coded by a green-red scale on the quiz's grid according to % correct below.
Kyle Korver
Isaiah Thomas
Lou Williams
Dennis Schröder
Bobby Portis
Naz Reid
Immanuel Quickley
Bill Walton
Nikola Jokić
Detlef Schrempf
Desmond Mason
Ricky Davis
Antawn Jamison
Jimmy Butler
Manu Ginóbili
 
Statistiques - réponses
Réponse % Correct
Lou Williams
72%
Naz Reid
66%
Manu Ginóbili
63%
Bill Walton
20%
Detlef Schrempf
12%
Antawn Jamison
5%
Aucun quiz correspondant
Distribution des résultats
% des personnes avec chaque résultat
Percentile par nombre de réponses
Votre historique - résultats
Vous n’avez pas pris ce quiz